| 000 | 00000nam##2200000za#4500 |
| 001 | 9.641825 |
| 003 | CaOODSP |
| 005 | 20210624223414 |
| 007 | cr ||||||||||| |
| 008 | 150407|1988||||xxc|||||o f|0| 0 fre|d |
| 040 | |aCaOODSP|bfre |
| 043 | |an-cn--- |
| 086 | 1 |aA53-1818/1988F-PDF |
| 110 | 1 |aCanada.|bAgriculture Canada. |bDirection générale de recherche. |
| 245 | 10|aFlore du Parc national du mont Riding, Manitoba / |h[ressource électronique]|c[par] William J. Cody. |
| 260 | |aOttawa - Ontario : |bAgriculture Canada. |c1988. |
| 300 | |a352p.|bfigures, glossaire, cartes, tableau, index |
| 500 | |aPublication historique numérisée par Agriculture et Agroalimentaire Canada. |
| 590 | |a13-17-Supp|b2013-07-25 |
| 691 | 07|aBotanique|2gcpds |
| 691 | 07|aÉcosystème prairial|2gcpds |
| 691 | 07|aFlore|2gcpds |
| 691 | 07|aFlore sauvage|2gcpds |
| 775 | 08|tPlants of Riding Mountain National Park, Manitoba / |w(CaOODSP)9.698184 |
| 856 | 40|ahttp://publications.gc.ca|qPDF|s17.59 Mo|uhttps://publications.gc.ca/collections/collection_2013/aac-aafc/agrhist/A53-1818-1988-fra.pdf |
| 986 | |a1818/F |